Le métro - Statistiques

Statistiques générales
  • Ce quiz a été pris 17 fois
  • Le résultat moyen est 114 sur 434
Statistiques - réponses
game % Correct
par
75%
Paris
63%
a
56%
à
56%
à
56%
a
56%
le
56%
le
56%
me
56%
au
50%
je
50%
et
50%
et
50%
Je
50%
je
50%
je
50%
la
50%
la
50%
50%
ça
44%
dans
44%
de
44%
de
44%
il
44%
Il
44%
les
44%
métro
44%
pour
44%
pour
44%
que
44%
si
44%
un
44%
une
44%
une
44%
vous
44%
vous
44%
Vous
44%
ai
38%
ce
38%
ne
38%
on
38%
pas
38%
qui
38%
voie
38%
alors
31%
des
31%
dit
31%
donc
31%
en
31%
En
31%
en
31%
être
31%
fait
31%
Mais
31%
mais
31%
moi
31%
nous
31%
nous
31%
peu
31%
rien
31%
sans
31%
sont
31%
suis
31%
sur
31%
vers
31%
y
31%
10
25%
allez
25%
bien
25%
bon
25%
c'est
25%
c'est
25%
comme
25%
est
25%
été
25%
êtes
25%
faire
25%
j'ai
25%
plus
25%
rame
25%
station
25%
temps
25%
tous
25%
tout
25%
Tout
25%
3
19%
5
19%
Bonjour
19%
cette
19%
conducteur
19%
dire
19%
du
19%
entre
19%
heure
19%
jamais
19%
ligne
19%
lui
19%
mal
19%
même
19%
monde
19%
n'est
19%
oui
19%
peux
19%
qu'on
19%
savez
19%
trouver
19%
vos
19%
aujourd'hui
13%
avez
13%
besoin
13%
choses
13%
compris
13%
devant
13%
droit
13%
monté
13%
n'ai
13%
quels
13%
ratp
13%
soit
13%
vite
13%
votre
13%
ah
6%
ainsi
6%
ans
6%
bref
6%
compte
6%
courte
6%
d'autant
6%
eh
6%
enfin
6%
grave
6%
j'allais
6%
lieux
6%
lorsque
6%
metros
6%
milieu
6%
mission
6%
panne
6%
perdu
6%
première
6%
prénoms
6%
puis
6%
sorte
6%
surement
6%
travail
6%
très
6%
vu
6%
absolument
0%
appel
0%
appelé
0%
appréhender
0%
approprier
0%
arrêté
0%
cardinal
0%
collision
0%
communiquer
0%
conseils
0%
coopération
0%
courage
0%
d'ailleurs
0%
d'ancienneté
0%
d'avoir
0%
déjà
0%
dense
0%
depuis
0%
d'équipe
0%
d'exploitation
0%
d'information
0%
Ok
0%
donner
0%
d'urgence
0%
éléments
0%
enchanté
0%
équipe
0%
essentielle
0%
est-ce
0%
évacué
0%
éviter
0%
experts
0%
explique
0%
faut
0%
fonce
0%
fouiller
0%
genre
0%
gère
0%
gestion
0%
hauteur
0%
impossible
0%
infos
0%
intervention
0%
j'estime
0%
j'imagine
0%
jsuis
0%
lâché
0%
lemoine
0%
maintenant
0%
maintenant
0%
m'assure
0%
Maurice
0%
m’échappe
0%
meilleure
0%
MF67
0%
modèle
0%
niveau
0%
n'oubliez
0%
ok
0%
opérationnelle
0%
perdons
0%
permanence
0%
personnel
0%
pire
0%
plein
0%
pourraient
0%
précipitation
0%
problème
0%
questions
0%
rapport
0%
redémarrer
0%
remettre
0%
réparer
0%
responsable
0%
retrouve
0%
saviez
0%
sein
0%
sentez
0%
sera
0%
service
0%
s'est
0%
sollicité
0%
tente
0%
tombez
0%
top
0%
trafic
0%
trainent
0%
trainons
0%
trouverez
0%
type D
0%
utiles
0%
voici
0%
Aucun quiz correspondant
Distribution des résultats
% des personnes avec chaque résultat
Percentile par nombre de réponses
Votre historique - résultats
Vous n’avez pas pris ce quiz